[Event "Osijek op"]
[Site "Osijek"]
[Date "2013.02.22"]
[Round "3.29"]
[White "Masirevic, Nikola"]
[Black "Klement, Dubravko"]
[Result "0-1"]
[WhiteElo "1753"]
[BlackElo "1954"]
[PlyCount "80"]
[EventDate "2013.02.21"]
[EventType "swiss"]
[EventRounds "7"]
[EventCountry "CRO"]
[SourceTitle "EXT 2014"]
[Source "ChessBase"]
[SourceDate "2013.11.20"]
[SourceVersion "1"]
[SourceVersionDate "2013.11.20"]
[SourceQuality "1"]

1. Nf3 c5 2. c4 Nf6 3. Nc3 Nc6 4. e4 d6 5. h3 g6 6. b3 Bg7 7. d4 cxd4 8. Nxd4 Nxe4 9. Nxe4 Bxd4 10. Rb1 Bf5 11. Bd3 Qa5+ 12. Bd2 Qxa2 13. 0-0 Qa6 14. Re1 0-0 15. Bh6 Qb6 16. Bxf8 Bxe4 17. Rxe4 Bxf2+ 18. Kh1 Rxf8 19. Re2 Bg3 20. Qf1 Be5 21. Be4 Nd4 22. Rf2 a5 23. h4 Bg3 24. h5 Qc5 25. Bd5 e6 26. Rf3 Nxf3 27. Qxf3 exd5 28. Qxg3 dxc4 29. hxg6 Qh5+ 30. Kg1 Qxg6 31. Qe1 c3 32. Rc1 c2 33. Qxa5 Rc8 34. Qd5 Rc6 35. Qd2 h6 36. Re1 Qg5 37. Re8+ Kh7 38. Qd3+ Qg6 39. Qd4 c1Q+ 40. Kh2 Qh5+ 0-1